Matematica : elemente de analiza matematica ; manual pentru clasa a XII-a

Αποθηκεύτηκε σε:
Λεπτομέρειες βιβλιογραφικής εγγραφής
Κύριος συγγραφέας: Boboc, Nicu 1933-
Άλλοι συγγραφείς: Colojoara, Ion
Μορφή: Βιβλίο
Γλώσσα:Romanian
Δημοσίευση: Bucuresti : Editura didactica si pedagogica, 1982.
Θέματα:
Ετικέτες: Προσθήκη ετικέτας
Δεν υπάρχουν, Καταχωρήστε ετικέτα πρώτοι!

MARC

LEADER 00000cam a2200000 a 4500
001 1/124866
008 220516s1982####rm | ||| |||| ||rum||
040 |a GR-MyUA  |b gre  |e AACR2 
041 0 |a rum 
082 7 |a 515   |2 (23) 
100 1 |a Boboc, Nicu  |d 1933- 
245 1 0 |a Matematica :   |b elemente de analiza matematica ; manual pentru clasa a XII-a /   |c Nicu Boboc, Ion Colojoara.  
260 |a Bucuresti :   |b Editura didactica si pedagogica,   |c 1982.  
300 |a 189, [3] σ. :   |c 25 εκ.  
650 0 |a Mathematical analysis. 
700 1 |a Colojoara, Ion. 
970 |a Γουβάλα  |b Βάσω  |z 16-05-2022